| Поле | Инд. | ПП | Название | Значение |
|---|---|---|---|---|
| Тип записи | m | |||
| Библиографический уровень | m | |||
| 001 | Контрольный номер | 81ba92022b3f4924abd9e6cd8d779e75 | ||
| 005 | Дата корректировки | 20180504093520.5 | ||
| 008 | Кодируемые данные | 161230|||||||||ru |||||||||||||||||rus|| | ||
| 084 | a | Индекс другой классификации/Индекс ББК | 65.422.5я7+30.609я7 | |
| 090 | x | Авторский знак | М 30 | |
| 100 | 1_ | a | Автор | Марченко И. С. |
| 245 | 10 | a | Заглавие | Идентификация и фальсификация товаров |
| b | Продолж. заглавия | конспект лекций по дисциплине для бакалавров по направлению 100700.62 "Торговое дело" | ||
| c | Ответственность | Федер. агентство по рыболовству, ФГБОУ ВО "Мурман. гос. техн. ун-т" | ||
| h | Физич. носитель | Электронный ресурс | ||
| 256 | a | Характеристики компьютерного файла | Электрон. текстовые дан. (1 файл : 725 Кб) | |
| 260 | a | Место издания | Мурманск | |
| b | Издательство | Изд-во МГТУ | ||
| c | Дата издания | 2016 | ||
| 500 | a | Примечание | Доступ из локальной сети Мурман. гос. техн. ун-та. - Загл. с экрана | |
| 583 | x | Служебное примечание | Полнотекстовые документы | |
| x | Служебное примечание | Труды преподавателей МГТУ | ||
| z | Открытое примечание | 100000 | ||
| 653 | 0_ | a | Ключевые слова | Бакалавриат |
| a | Ключевые слова | Идентификация продукции | ||
| a | Ключевые слова | Товароведение | ||
| a | Ключевые слова | Труды преподавателей МГТУ | ||
| a | Ключевые слова | Фальсификация товаров | ||
| a | Ключевые слова | Электронные версии | ||
| 710 | 12 | a | Организация/ юрисдикция | Мурманский государственный технический университет |
| 856 | 40 | u | URL | https://elib.mauniver.ru/2016/U_16_17.pdf |
| 901 | t | Тип документа | m | |
| 952 | b | Гриф литературы для ВШ | Допущено Ученым советом МГТУ |